সেকালে বাংলাদেশের কয়েকজন চলচ্চিত্রকর্মী / (Record no. 39095)
[ view plain ]
| 000 -LEADER | |
|---|---|
| fixed length control field | 01003nam a2200241 4500 |
| 001 - CONTROL NUMBER | |
| control field | 39095 |
| 003 - CONTROL NUMBER IDENTIFIER | |
| rucl marc code | BD-RjUL |
| 005 - DATE AND TIME OF LATEST TRANSACTION | |
| control field | 20211209052921.0 |
| 008 - FIXED-LENGTH DATA ELEMENTS--GENERAL INFORMATION | |
| fixed length control field | 160404s1999 bg a|||e |||| 00| 0 ben d |
| 020 ## - INTERNATIONAL STANDARD BOOK NUMBER | |
| International Standard Book Number | 9845550096 |
| Terms of availability | : TK.100.00 |
| 035 ## - SYSTEM CONTROL NUMBER | |
| System control number | (BD-RjUL)39207 |
| 040 ## - CATALOGING SOURCE | |
| Original cataloging agency | BD-RjUL |
| Language of cataloging | ben |
| Transcribing agency | BD-RjUL |
| 041 ## - LANGUAGE CODE | |
| Language code of text/sound track or separate title | ben |
| 082 ## - DEWEY DECIMAL CLASSIFICATION NUMBER | |
| Edition number | 23 |
| Classification number | 791.43092 |
| Author mark and year | HAS 1999 |
| 100 ## - MAIN ENTRY--PERSONAL NAME | |
| Personal name | হায়াৎ, অনুপম |
| 9 (RLIN) | 120645 |
| 245 10 - TITLE STATEMENT | |
| Title | সেকালে বাংলাদেশের কয়েকজন চলচ্চিত্রকর্মী / |
| Statement of responsibility, etc. | অনুপম হায়াৎ |
| 260 ## - PUBLICATION, DISTRIBUTION, ETC. (IMPRINT) | |
| Place of publication, distribution, etc. | ঢাকা : |
| Name of publisher, distributor, etc. | বাংলাদেশ শিল্পকলা একাডেমী, |
| Date of publication, distribution, etc. | ১৯৯৯ |
| 300 ## - PHYSICAL DESCRIPTION | |
| Pagination | ১০৯ পৃ. : |
| Illustrations | চিত্র ; |
| Size | ২৩ সেমি. |
| 500 ## - GENERAL NOTE | |
| General note | সুত্র নির্দেশ |
| 650 ## - SUBJECT ADDED ENTRY--TOPICAL TERM | |
| Topical term or geographic name as entry element | চলচ্চিত্রকর্মী |
| Form subdivision | জীবনী |
| 9 (RLIN) | 120646 |
| Topical term or geographic name as entry element | Motion picture actors and actresses. |
| Form subdivision | Biography |
| 9 (RLIN) | 120647 |
| 942 ## - ADDED ENTRY ELEMENTS (KOHA) | |
| Source of classification or shelving scheme | Dewey Decimal Classification |
| Koha item type | Books |
| Lost status | Source of classification or shelving scheme | Damaged status | Not for loan | Collection code | Permanent Location | Current Location | Shelving location | Date acquired | Source of acquisition | Cost, normal purchase price | Total Checkouts | Full call number | Date last seen | Copy number | Koha item type |
|---|---|---|---|---|---|---|---|---|---|---|---|---|---|---|---|
| Dewey Decimal Classification | Not For Loan | Non-fiction | Central Library, University of Rajshahi | Central Library, University of Rajshahi | Reading Room | 24/06/2013 | Bangladesh Shilpakala Academy, Dhaka | 100.00 | B 791.43092 HAS 1999 | 04/04/2016 | C-1 | Books | |||
| Dewey Decimal Classification | Non-fiction | Central Library, University of Rajshahi | Central Library, University of Rajshahi | 24/06/2013 | Bangladesh Shilpakala Academy, Dhaka | 100.00 | B 791.43092 HAS 1999 | 04/04/2016 | C-2 | Books | |||||
| Dewey Decimal Classification | Non-fiction | Central Library, University of Rajshahi | Central Library, University of Rajshahi | 24/06/2013 | Bangladesh Shilpakala Academy, Dhaka | 100.00 | B 791.43092 HAS 1999 | 04/04/2016 | C-3 | Books |